000 01379nam a2200337 i 4500
003 EG-GICUC
005 20260403003208.0
008 260403s19841404su da||fr|||| 00| 0 ara d
040 _a EG-GICUC
_bara
_c EG-GICUC
_d EG-GICUC
_erda
041 _aara
082 0 4 _221
_a343.64
_bأ ح . ا
092 0 4 _221
099 _aLaw1 10 343.64 أ ح . ا 1984
100 0 _aأحمد الربايعة
_eمؤلف.
245 1 0 _aأثر الثقافة والمجتمع في دفع الفرد الى ارتكاب الجريمة /
_cاعداد الدكتور أحمد الربايعة.
264 1 _aالرياض :
_bالمركز العربي للدراسات الأمنية والتدريب،
_c1984.
300 _a314 صفحة :
_bإيضاحيات، صور، مثيليات ؛
_c24 سم
336 _2rda content
_atext
337 _2rda media
_aComputer
338 _2rda carrier
_aOnline Resource
504 _aيشتمل على إرجاعات ببليوجرافية.
546 _aالنص باللغة العربية
650 1 _aالقانون الجنائي
650 1 _aالعوامل الإجرامية المتعلقة بالبيئة الخارجية
650 1 _aالجريمة
650 1 _aأثر الثقافة
650 1 _aأثر المجتمع
856 4 0 _uhttps://fll.law.cu.edu.eg/fulltext/bks/B10-07147.pdf
905 _a43
942 _2ddc
_n0
_cBK
_e21
999 _c68525
_d68525